| 000 | 00413nam a2200169Ia 4500 | ||
|---|---|---|---|
| 003 | OSt | ||
| 005 | 20240313101032.0 | ||
| 008 | 170619s9999 xx 000 0 und d | ||
| 020 | _a9780195656428 | ||
| 040 | _cIIMT ENGINEERING COLLEGE | ||
| 100 | _aU. P. University | ||
| 245 | 3 | _aAn Anthology of Englishshort Stories | |
| 260 | _bOxford Uni. Press | ||
| 260 | _c2000 | ||
| 546 | _aENGLISH | ||
| 942 |
_2ddc _c02 |
||
| 999 |
_c17352 _d17352 |
||